Kryvava sl'oza na lezi noža

Bibliographic Details
Main Author: Dočynec, Myroslav Ivanovyč, 1959- (Author)
Format: Article
Language:Ukrainian
PhysicalDescription:Fotogr.
Subjects:

MARC

LEADER 00000nab a2200000 a 4500
001 vtls011228324
003 SK-MaSNL
005 20260423141644.0
008 151112c2015 xo br p 000 c0ukr
015 |a SNBRB2015/11 
038 |a SVKPOCL 
040 |a SVKPOCL  |b slo  |c SVKPOCL  |e AACR2 
041 0 |a ukr 
044 |a xo  |c SK 
080 |a 80(=161.2)+908(477)  |2 2001 
080 |a 80(=16)+908(4)  |2 2001 
080 |a 821.161.2  |2 2011 
080 |a 821.161.2-1  |2 2011 
080 |a 82‑95  |2 2001 
080 |a 821.161.2-7  |2 2011 
080 |a 821.161.2-191  |2 2011 
100 1 |a Dočynec, Myroslav Ivanovyč,  |d 1959-  |4 aut  |9 1086472 
245 1 0 |a Kryvava sl'oza na lezi noža  |c Myroslav Dočynec' 
300 |b Fotogr. 
500 |a V rubrike Recenziji 
650 0 7 |a ukrajinská literatúra  |2 svkpocl  |9 1218 
650 0 7 |a ukrajinská poézia  |2 svkpocl  |9 59029 
650 0 7 |a slavistika  |2 svkpocl  |9 4282 
650 0 7 |a ukrajinistika  |2 svkpocl  |9 51200 
650 0 7 |a ukrajinská satira  |2 svkpocl  |9 1629552 
650 0 7 |a ukrajinské bájky  |2 svkpocl  |9 1224332 
651 7 |a Slovensko  |2 svkpocl  |9 14231 
655 7 |a recenzie  |2 svkpocl  |9 21907 
655 7 |a články z novín a časopisov  |2 svkpocl  |9 267496 
773 0 |t Duklja  |g Rik vydannja 63, No 5 (2015), s. 86-89 
787 0 8 |i Rec.:  |a Šyp, Jurij, 1943-  |t Pora kryvavych sliz : poezija, satyra, bajky  |d Užhorod : TDV «Patent», 2015 
852 |a SVKPO  |b KIS3GCP 
958 |a UK 
958 |a LX 
958 |a SK 
958 |a UA 
958 |a RC 
958 |a SS 
999 |c 3363413  |d 3365343